| 000 | 00398nam a2200157Ia 4500 | ||
|---|---|---|---|
| 008 | 151213s9999 xx 000 0 und d | ||
| 100 | _aSyed Lutfur Rahmam Soiler | ||
| 245 |
_aPanel Code _cSyed Lutfur Rahmam Soiler |
||
| 250 | _a5th | ||
| 260 |
_aDhaka _bAnupom Gyan Bhander _c2005 |
||
| 300 | _a2854 p. | ||
| 650 | _aLaw | ||
| 650 | _aLaw | ||
| 700 | _aSyed Lutfur Rahmam Soiler | ||
| 999 |
_c1963 _d1963 |
||